[Event "17.Seefeld Open 2006"]
[Site "Seefeld/AUT (23.9.-1.10)"]
[Date "2006.09.30"]
[Round "8"]
[White "Noettger, Eckard"]
[Black "Walz, Robert"]
[Result "1-0"]
[WhiteElo "1783"]
[BlackElo "1984"]
[PlyCount "125"]
[EventDate "2006.09.??"]
[EventType "swiss"]
[EventRounds "9"]
[EventCountry "AUT"]

1. d4 Nf6 2. Nf3 c5 3. e3 e6 4. c3 Nc6 5. Bd3 Be7 6. Nbd2 b6 7. O-O Bb7 8. dxc5
bxc5 9. e4 O-O 10. e5 Nd5 11. Nc4 Rb8 12. Be4 Nb6 13. Nd6 Ba6 14. Re1 Qc7 15.
a4 Nxe5 16. Nb5 Nxf3+ 17. Qxf3 Bxb5 18. axb5 f5 19. Bc2 Nd5 20. c4 Nb4 21. Bb1
Bf6 22. Qa3 Rb7 23. Bd2 Rc8 24. Bc3 Qf4 25. Bxf6 gxf6 26. Qc3 Kf7 27. b3 Rg8
28. g3 Rg4 29. Ra4 Rc7 30. Qa1 h5 31. Rxa7 h4 32. Re3 hxg3 33. hxg3 Rxa7 34.
Qxa7 Qd4 35. Kg2 f4 36. Rf3 fxg3 37. fxg3 Qd2+ 38. Rf2 Qd1 39. Qa1 Qd6 40. Qc3
Qe7 41. Qf3 Rg5 42. Qf4 Rg7 43. Qh4 f5 44. Qh5+ Kg8 45. Qd1 Qg5 46. Qf3 Qc1 47.
Bd3 Rh7 48. Bf1 Qh6 49. Kg1 Rg7 50. Rh2 Qg5 51. Rg2 Qf6 52. Rd2 d5 53. cxd5
exd5 54. Qf4 Qc3 55. Qb8+ Kf7 56. Qc7+ Kg6 57. Qd6+ Kf7 58. Qc7+ Kf8 59. Qc8+
Ke7 60. Re2+ Kf6 61. Qd8+ Kg6 62. Re6+ Kh7 63. Qh4+ 1-0

[Event "17.Seefeld Open 2006"]
[Site "Seefeld/AUT (23.9.-1.10)"]
[Date "2006.09.30"]
[Round "8"]
[White "Niedergesaess, Herbert"]
[Black "Becker, Joerg"]
[Result "1-0"]
[WhiteElo "1950"]
[BlackElo "1945"]
[PlyCount "87"]
[EventDate "2006.09.??"]
[EventType "swiss"]
[EventRounds "9"]
[EventCountry "AUT"]

1. c4 Nf6 2. Nf3 e6 3. g3 b6 4. Bg2 Bb7 5. O-O Be7 6. b3 d5 7. Bb2 O-O 8. d3 c5
9. e3 a6 10. Nbd2 Nbd7 11. d4 cxd4 12. Nxd4 Nc5 13. Qe2 Nfe4 14. Rfd1 Qe8 15.
cxd5 exd5 16. Nf5 Bf6 17. Nxe4 Nxe4 18. Bxe4 Qxe4 19. Nd6 Qe7 20. Nxb7 Bxb2 21.
Qxb2 Qxb7 22. Qd4 Rfd8 23. e4 Rd7 24. Rac1 Rad8 25. e5 Rc7 26. Kg2 h6 27. f4
Rdc8 28. Rxc7 Rxc7 29. Rd2 Qc6 30. f5 Qc5 31. Qxc5 Rxc5 32. Kf3 Kf8 33. Ke3 Ke7
34. Kd4 g6 35. g4 a5 36. a4 h5 37. fxg6 fxg6 38. gxh5 gxh5 39. Rf2 Rc1 40. Rf3
Rd1+ 41. Rd3 Rxd3+ 42. Kxd3 Kd7 43. Kd4 Ke6 44. h4 1-0

[Event "17.Seefeld Open 2006"]
[Site "Seefeld/AUT (23.9.-1.10)"]
[Date "2006.09.30"]
[Round "8"]
[White "Becking, Franz-Josef"]
[Black "Werner, Bernd"]
[Result "0-1"]
[WhiteElo "2076"]
[BlackElo "1980"]
[PlyCount "98"]
[EventDate "2006.09.??"]
[EventType "swiss"]
[EventRounds "9"]
[EventCountry "AUT"]

1. d4 Nf6 2. Nc3 d5 3. Bg5 e6 4. e4 dxe4 5. Nxe4 Be7 6. Ng3 h6 7. Bf4 Bd6 8.
Bxd6 Qxd6 9. c3 Bd7 10. Nf3 Bc6 11. Ne5 Nbd7 12. Nxc6 Qxc6 13. f3 O-O 14. Qb3
Qb6 15. Qxb6 Nxb6 16. Be2 Rac8 17. Kf2 c5 18. dxc5 Rxc5 19. Rad1 Rd5 20. c4
Rxd1 21. Rxd1 Rc8 22. b3 Kf8 23. Ke3 Ke7 24. Ne4 Nxe4 25. Kxe4 f5+ 26. Kd4 Nd7
27. f4 g5 28. g3 b6 29. Bf3 Rd8 30. Kc3 Nf6 31. Rxd8 Kxd8 32. Kd4 Ke7 33. c5
bxc5+ 34. Kxc5 Nd7+ 35. Kc6 e5 36. Kb7 e4 37. Be2 gxf4 38. gxf4 a5 39. Ka6 Nc5+
40. Kxa5 Nd3 41. b4 Nxf4 42. Bc4 e3 43. b5 e2 44. Bxe2 Nxe2 45. Kb4 f4 46. b6
Kd7 47. Kc4 f3 48. Kd3 Kc6 49. Ke3 Nd4 0-1

[Event "17.Seefeld Open 2006"]
[Site "Seefeld/AUT (23.9.-1.10)"]
[Date "2006.09.30"]
[Round "8"]
[White "Willin, Bernhard"]
[Black "Stojanovic, Milorad"]
[Result "0-1"]
[WhiteElo "2009"]
[BlackElo "1690"]
[PlyCount "92"]
[EventDate "2006.09.??"]
[EventType "swiss"]
[EventRounds "9"]
[EventCountry "AUT"]

1. d4 d5 2. c4 Nf6 3. g3 e6 4. Bg2 Nc6 5. Nf3 b6 6. cxd5 Nxd5 7. O-O Bb7 8. a3
Bd6 9. e4 Nde7 10. e5 O-O 11. exd6 Qxd6 12. Bf4 Qd7 13. Ne5 Nxe5 14. Bxb7 N5g6
15. Be3 Rad8 16. Bg2 c5 17. Qb3 cxd4 18. Rd1 Nf5 19. Nc3 Qe7 20. Bd2 dxc3 21.
Bxc3 Rxd1+ 22. Rxd1 Rd8 23. Re1 Qd7 24. Qc4 Nge7 25. Qg4 Ng6 26. h4 Nh6 27. Qg5
Rc8 28. h5 Rc5 29. Qe3 Rxh5 30. Bf3 Rc5 31. Kg2 Nf5 32. Qe4 h6 33. Bb4 Rd5 34.
Qg4 Rd4 35. Qh5 Rh4 36. Qxh4 Nfxh4+ 37. gxh4 Nxh4+ 38. Kg3 g5 39. Bh5 Qd4 40.
Re2 Nf5+ 41. Kg2 Qh4 42. Bf3 g4 43. Be4 Qh3+ 44. Kg1 Nd4 45. Re3 Nf3+ 46. Bxf3
gxf3 0-1

[Event "17.Seefeld Open 2006"]
[Site "Seefeld/AUT (23.9.-1.10)"]
[Date "2006.09.30"]
[Round "8"]
[White "Meul, Willi"]
[Black "Samarian, Cornel"]
[Result "1-0"]
[WhiteElo "1998"]
[BlackElo "1937"]
[PlyCount "45"]
[EventDate "2006.09.??"]
[EventType "swiss"]
[EventRounds "9"]
[EventCountry "AUT"]

1. d4 Nf6 2. Nf3 e6 3. e3 b6 4. Bd3 Bb7 5. O-O d5 6. Nbd2 Nbd7 7. Qe2 Be7 8. c3
O-O 9. e4 dxe4 10. Nxe4 Nxe4 11. Bxe4 Bxe4 12. Qxe4 Nf6 13. Qe2 h6 14. Bf4 Nd7
15. Rad1 Bd6 16. Bxd6 cxd6 17. Rfe1 Re8 18. Rd3 Nf8 19. h3 Rc8 20. Nh2 Qf6 21.
Ng4 Qg6 22. Rg3 Qh7 23. Nf6+ 1-0

[Event "17.Seefeld Open 2006"]
[Site "Seefeld/AUT (23.9.-1.10)"]
[Date "2006.09.30"]
[Round "8"]
[White "Scheidt, Eugen"]
[Black "Abraham, Helmut"]
[Result "1-0"]
[WhiteElo "1980"]
[BlackElo "1461"]
[PlyCount "91"]
[EventDate "2006.09.??"]
[EventType "swiss"]
[EventRounds "9"]
[EventCountry "AUT"]

1. e4 c5 2. Nf3 Nc6 3. d4 cxd4 4. Nxd4 Qb6 5. Nb3 d6 6. Be3 Qc7 7. Be2 Nf6 8.
Nc3 e6 9. f4 Be7 10. O-O O-O 11. Bf3 Bd7 12. Qd2 Ne8 13. Rad1 f5 14. exf5 exf5
15. Nd5 Qd8 16. Nxe7+ Qxe7 17. Rfe1 Qf6 18. Bd5+ Kh8 19. Nd4 Rc8 20. c3 b6 21.
Bf2 Ne7 22. Ne6 Bxe6 23. Rxe6 Qf7 24. Rxd6 Nxd5 25. Rxd5 Nf6 26. Rxf5 Qxa2 27.
Bd4 Kg8 28. Bxf6 gxf6 29. Qd5+ Qxd5 30. Rdxd5 Rf7 31. Rd6 Kg7 32. Kf2 Rc4 33.
Kf3 Ra4 34. Rfd5 Ra2 35. Rd2 Ra1 36. Rd7 Rf1+ 37. Kg3 Re1 38. Rxf7+ Kxf7 39.
Rd7+ Re7 40. Rxe7+ Kxe7 41. Kg4 Ke6 42. Kh5 a5 43. Kh6 a4 44. g4 Kd5 45. f5 Kc4
46. g5 1-0

[Event "17.Seefeld Open 2006"]
[Site "Seefeld/AUT (23.9.-1.10)"]
[Date "2006.09.30"]
[Round "8"]
[White "Pieper, Harald"]
[Black "Laux, Dieter"]
[Result "1/2-1/2"]
[WhiteElo "2067"]
[BlackElo "1228"]
[PlyCount "58"]
[EventDate "2006.09.??"]
[EventType "swiss"]
[EventRounds "9"]
[EventCountry "AUT"]

1. f4 f5 2. Nf3 Nf6 3. b3 b6 4. Bb2 Bb7 5. e3 e6 6. Be2 Be7 7. O-O O-O 8. Ne5
d6 9. Nd3 c5 10. Nf2 Nc6 11. d3 Nd5 12. Qd2 Bf6 13. c3 e5 14. Bf3 Nde7 15. Na3
Qd7 16. e4 d5 17. fxe5 Nxe5 18. Qe2 Nxf3+ 19. gxf3 Ng6 20. Rad1 d4 21. cxd4
cxd4 22. Bc1 Be5 23. Nc4 Nf4 24. Qe1 Qc7 25. Nxe5 Qxe5 26. Bxf4 Qxf4 27. Nh3
Qh6 28. Nf2 Qf4 29. Nh3 Qh6 1/2-1/2

[Event "17.Seefeld Open 2006"]
[Site "Seefeld/AUT (23.9.-1.10)"]
[Date "2006.09.30"]
[Round "8"]
[White "Kircher, Werner"]
[Black "Andreini, Gigliolu"]
[Result "0-1"]
[WhiteElo "2030"]
[BlackElo "1660"]
[PlyCount "68"]
[EventDate "2006.09.??"]
[EventType "swiss"]
[EventRounds "9"]
[EventCountry "AUT"]

1. Nf3 d5 2. d4 Bf5 3. c4 Nf6 4. Nc3 e6 5. Bg5 Be7 6. e3 h6 7. Bh4 O-O 8. Be2
c6 9. O-O Nbd7 10. h3 Ne4 11. Bxe7 Qxe7 12. Rc1 Ng5 13. Nxg5 Qxg5 14. Kh2 Nf6
15. b3 h5 16. f4 Qg6 17. Qe1 Qh6 18. Qh4 Bh7 19. g4 hxg4 20. Qxh6 gxh6 21. hxg4
Kh8 22. Rg1 Rg8 23. Rg3 Rg7 24. Rcg1 Rag8 25. Kh3 Ne8 26. Kh4 Bg6 27. Rf1 Nd6
28. Rfg1 f5 29. g5 hxg5+ 30. Rxg5 Nf7 31. Kg3 Nxg5 32. fxg5 Rh7 33. Nb1 Bh5 34.
Bxh5 Rxg5+ 0-1

[Event "17.Seefeld Open 2006"]
[Site "Seefeld/AUT (23.9.-1.10)"]
[Date "2006.09.30"]
[Round "8"]
[White "Brett, Digby"]
[Black "Gestrich, Wolfgang"]
[Result "1/2-1/2"]
[WhiteElo "1855"]
[BlackElo "1756"]
[PlyCount "51"]
[EventDate "2006.09.??"]
[EventType "swiss"]
[EventRounds "9"]
[EventCountry "AUT"]

1. e4 e5 2. Nf3 Nf6 3. Nxe5 d6 4. Nf3 Nxe4 5. d4 d5 6. Bd3 Nc6 7. O-O Be7 8.
Re1 Bg4 9. c3 Nf6 10. Nbd2 O-O 11. Qc2 h6 12. Bf5 Bxf5 13. Qxf5 Qd7 14. Qc2
Rfe8 15. Nf1 Bd6 16. Bd2 Re7 17. Rxe7 Nxe7 18. Re1 Ne4 19. Bc1 c6 20. Qe2 Re8
21. N3d2 Nxd2 22. Bxd2 Kf8 23. Ne3 Nf5 24. g3 Re6 25. Qf3 Nxe3 26. Rxe3 1/2-1/2

[Event "17.Seefeld Open 2006"]
[Site "Seefeld/AUT (23.9.-1.10)"]
[Date "2006.09.30"]
[Round "8"]
[White "Sickinger, Wolfgang"]
[Black "Disselberger, Alfons"]
[Result "1-0"]
[WhiteElo "1644"]
[BlackElo "1289"]
[PlyCount "51"]
[EventDate "2006.09.??"]
[EventType "swiss"]
[EventRounds "9"]
[EventCountry "AUT"]

1. d4 Nf6 2. c4 d5 3. cxd5 Nxd5 4. Nf3 g6 5. e4 Nb6 6. Nc3 Bg7 7. Be3 O-O 8.
Be2 N8d7 9. O-O e5 10. dxe5 Nxe5 11. Qc2 Ned7 12. Rad1 Re8 13. a4 a5 14. Bxb6
cxb6 15. Bb5 Re7 16. Nd5 Nc5 17. Nf6+ Bxf6 18. Rxd8+ Kg7 19. e5 Bxe5 20. Nxe5
Rxe5 21. Qc3 f6 22. Re1 Rxe1+ 23. Qxe1 Ne6 24. Re8 Kf7 25. Qc3 Rb8 26. Rxc8 1-0

[Event "17.Seefeld Open 2006"]
[Site "Seefeld/AUT (23.9.-1.10)"]
[Date "2006.10.01"]
[Round "9"]
[White "Kesik, Klaus-Dieter"]
[Black "Jandke, Manfred"]
[Result "1-0"]
[WhiteElo "2280"]
[BlackElo "2156"]
[PlyCount "44"]
[EventDate "2006.09.??"]
[EventType "swiss"]
[EventRounds "9"]
[EventCountry "AUT"]

1. d4 f5 2. e4 d6 3. Nc3 Nc6 4. Bg5 Nf6 5. exf5 Bxf5 6. Nf3 Qd7 7. Bb5 e6 8.
Bxf6 gxf6 9. Nh4 Bg6 10. Nxg6 hxg6 11. Qf3 O-O-O 12. O-O-O Bg7 13. d5 exd5 14.
Nxd5 Kb8 15. Rhe1 Rxh2 16. Re7 Bh6+ 17. Kb1 Qc8 18. Bxc6 bxc6 19. Nb4 Rf8 20.
Nxc6+ Ka8 21. Nb4+ Qb7 22. Nd5 Rc8 1-0

[Event "17.Seefeld Open 2006"]
[Site "Seefeld/AUT (23.9.-1.10)"]
[Date "2006.10.01"]
[Round "9"]
[White "Teske, Henrik"]
[Black "Stabolewski, Andreas"]
[Result "1-0"]
[WhiteElo "2486"]
[BlackElo "2235"]
[PlyCount "150"]
[EventDate "2006.09.??"]
[EventType "swiss"]
[EventRounds "9"]
[EventCountry "AUT"]

1. d4 d5 2. c4 e6 3. Nf3 c5 4. cxd5 exd5 5. g3 Nc6 6. Bg2 Be7 7. O-O Nf6 8.
dxc5 Bxc5 9. Nc3 O-O 10. Bg5 Be6 11. Rc1 Be7 12. Nd4 h6 13. Bf4 Re8 14. Ncb5 g5
15. Be3 Qd7 16. Qd3 Bf8 17. f4 Bh3 18. Nxc6 bxc6 19. Nc3 Bxg2 20. Kxg2 g4 21.
Bd4 Ne4 22. Rc2 Rac8 23. Rfc1 c5 24. Bg1 Nxc3 25. Rxc3 Qe6 26. Kf1 c4 27. Qc2
Qe4 28. Qxe4 Rxe4 29. Rd1 Bg7 30. Rc2 d4 31. Rdc1 Rce8 32. Bf2 Kh7 33. Rd1 Rb8
34. Rcd2 c3 35. bxc3 dxc3 36. Rc2 Rb2 37. Rdc1 Ra4 38. Rxc3 Bxc3 39. Rxc3 Raxa2
40. Re3 Kg6 41. Re8 a5 42. Bd4 Rd2 43. Bc3 Rdc2 44. Bd4 Rc6 45. Kf2 Re6 46.
Rg8+ Kf5 47. Be3 a4 48. Ra8 Rc6 49. Ra5+ Kg6 50. f5+ Kh7 51. Bd4 h5 52. Ke3 f6
53. Kd3 Rd6 54. Ra7+ Kg8 55. Ra8+ Kf7 56. Ra7+ Ke8 57. Ra8+ Kd7 58. Ra7+ Kc8
59. Ra8+ Kb7 60. Ra7+ Kb8 61. Rf7 Rxd4+ 62. Kxd4 Rxe2 63. Rxf6 Rxh2 64. Ra6 h4
65. Rxa4 hxg3 66. Ke5 Re2+ 67. Kd6 Rd2+ 68. Ke7 Re2+ 69. Kf7 g2 70. Rxg4 Kc7
71. f6 Kd6 72. Kg8 Rf2 73. f7 Ke7 74. Rg7 g1=Q 75. Rxg1 Rxf7 1-0

[Event "17.Seefeld Open 2006"]
[Site "Seefeld/AUT (23.9.-1.10)"]
[Date "2006.10.01"]
[Round "9"]
[White "Pilz, Dieter"]
[Black "Van der Weide, Karel"]
[Result "0-1"]
[WhiteElo "2333"]
[BlackElo "2443"]
[PlyCount "56"]
[EventDate "2006.09.??"]
[EventType "swiss"]
[EventRounds "9"]
[EventCountry "AUT"]

1. e4 c5 2. Nf3 d6 3. Nc3 Nf6 4. Bb5+ Nbd7 5. a4 a6 6. Bc4 e6 7. d3 b6 8. O-O
Be7 9. Ng5 h6 10. Nh3 Bb7 11. Nf4 g5 12. Nfe2 Qc7 13. f4 O-O-O 14. f5 d5 15.
fxe6 fxe6 16. exd5 exd5 17. Ba2 Bd6 18. Ng3 Bxg3 19. hxg3 Qxg3 20. Rf3 Qd6 21.
d4 Rde8 22. Rf1 Rhf8 23. b4 cxb4 24. Nb1 Ne4 25. Be3 Qg3 26. Rf3 Rxf3 27. Qxf3
Qe1+ 28. Kh2 g4 0-1

[Event "17.Seefeld Open 2006"]
[Site "Seefeld/AUT (23.9.-1.10)"]
[Date "2006.10.01"]
[Round "9"]
[White "Kroencke, Manfred"]
[Black "Bronznik, Valeri"]
[Result "0-1"]
[WhiteElo "2183"]
[BlackElo "2383"]
[PlyCount "52"]
[EventDate "2006.09.??"]
[EventType "swiss"]
[EventRounds "9"]
[EventCountry "AUT"]

1. e4 c5 2. Nf3 Nc6 3. Bb5 e6 4. O-O Nge7 5. c3 a6 6. Bxc6 Nxc6 7. d4 d5 8. Qe2
cxd4 9. Nxd4 Nxd4 10. cxd4 dxe4 11. Qxe4 Bd6 12. Nc3 O-O 13. Bf4 Bxf4 14. Qxf4
b5 15. Qe4 Ra7 16. d5 exd5 17. Qxd5 Be6 18. Qc5 Qc7 19. Qe3 Raa8 20. Rac1 Qc4
21. b3 Qb4 22. f4 Rfe8 23. Rfe1 f6 24. Qf2 Rac8 25. Ne2 Qd2 26. Nd4 Qxc1 0-1

[Event "17.Seefeld Open 2006"]
[Site "Seefeld/AUT (23.9.-1.10)"]
[Date "2006.10.01"]
[Round "9"]
[White "Stock, Juergen"]
[Black "Schunk, Thomas"]
[Result "0-1"]
[WhiteElo "2026"]
[BlackElo "2315"]
[PlyCount "120"]
[EventDate "2006.09.??"]
[EventType "swiss"]
[EventRounds "9"]
[EventCountry "AUT"]

1. d4 Nf6 2. c3 b6 3. Bg5 Bb7 4. e3 g6 5. Nd2 Bg7 6. f4 d6 7. Ngf3 Nbd7 8. Bc4
O-O 9. O-O Qe8 10. Qe1 d5 11. Bb5 c6 12. Bd3 c5 13. Ne5 Nxe5 14. fxe5 Nd7 15.
Qg3 f6 16. exf6 exf6 17. Bf4 Rf7 18. e4 cxd4 19. cxd4 Nf8 20. Rae1 Qa4 21. Qf2
Rd8 22. b3 Qd7 23. Kh1 Ne6 24. Be3 b5 25. e5 fxe5 26. Qxf7+ Qxf7 27. Rxf7 Kxf7
28. dxe5 a6 29. Nf3 d4 30. Bd2 Ke7 31. Bb4+ Kd7 32. a4 Bc6 33. axb5 Bxb5 34.
Bxb5+ axb5 35. Rd1 Kc6 36. Kg1 Kd5 37. Bd6 Ra8 38. h4 Ra2 39. Re1 Bh6 40. Be7
Be3+ 41. Kh1 h6 42. Nh2 Bf2 43. Rd1 Bg3 44. Ng4 h5 45. Nf6+ Kxe5 46. Nd7+ Ke4
47. Nf6+ Ke3 48. Rf1 Ke2 49. Rb1 Bxh4 50. Bb4 Nf4 51. Ne4 Nd3 52. g3 Nxb4 53.
gxh4 Nd5 54. Nd6 Nc3 55. Rg1 Kf3 56. Rxg6 d3 57. Rf6+ Kg4 58. Rg6+ Kf4 59. Rg1
d2 60. Rf1+ Ke3 0-1

[Event "17.Seefeld Open 2006"]
[Site "Seefeld/AUT (23.9.-1.10)"]
[Date "2006.10.01"]
[Round "9"]
[White "Dittmar, Peter"]
[Black "Schoetzig, Detlef"]
[Result "1-0"]
[WhiteElo "2334"]
[BlackElo "2124"]
[PlyCount "75"]
[EventDate "2006.09.??"]
[EventType "swiss"]
[EventRounds "9"]
[EventCountry "AUT"]

1. d4 Nf6 2. Bg5 e6 3. e4 h6 4. Bxf6 Qxf6 5. Nf3 c5 6. c3 cxd4 7. cxd4 Nc6 8.
Nc3 Bb4 9. Bc4 O-O 10. O-O Bxc3 11. bxc3 d6 12. Qa4 e5 13. Bd5 Bg4 14. dxe5
dxe5 15. Nd2 Qg5 16. Nc4 a6 17. Ne3 Bd7 18. Qa3 Rab8 19. Rab1 Rfe8 20. Rb6 Bh3
21. Kh1 Be6 22. Rfb1 Ne7 23. Bxe6 fxe6 24. Rxe6 Rbd8 25. Rd6 Ng6 26. Rbd1 Rxd6
27. Qxd6 Rf8 28. Qd2 Nh4 29. f3 Qf4 30. Nd5 Qf7 31. Qf2 Qh5 32. Qg3 Kh7 33. Ne3
Nxf3 34. gxf3 Rxf3 35. Qg4 Qf7 36. Rd7 Rf1+ 37. Nxf1 Qxf1+ 38. Qg1 1-0

[Event "17.Seefeld Open 2006"]
[Site "Seefeld/AUT (23.9.-1.10)"]
[Date "2006.10.01"]
[Round "9"]
[White "Weinzettl, Ernst"]
[Black "Kauch, Markus"]
[Result "1-0"]
[WhiteElo "2327"]
[BlackElo "2244"]
[PlyCount "69"]
[EventDate "2006.09.??"]
[EventType "swiss"]
[EventRounds "9"]
[EventCountry "AUT"]

1. e4 c5 2. Nf3 Nc6 3. d4 cxd4 4. Nxd4 e5 5. Nb5 d6 6. Bg5 f6 7. Be3 Be6 8.
N1c3 a6 9. Na3 b5 10. Nd5 Rc8 11. Be2 Nge7 12. Bh5+ Bf7 13. O-O Nxd5 14. Bxf7+
Kxf7 15. Qxd5+ Ke8 16. Rfd1 Be7 17. c3 Qd7 18. Nc2 Nd8 19. Qd3 Nb7 20. Nb4 a5
21. Nd5 Bd8 22. b3 Rf8 23. a4 bxa4 24. Rxa4 Nc5 25. Bxc5 Rxc5 26. Rda1 f5 27.
f3 Rb5 28. b4 fxe4 29. Qxe4 axb4 30. Ra7 Qf5 31. Nf6+ Rxf6 32. Qc6+ Kf8 33.
Qxb5 e4 34. Qb8 Ke8 35. Ra8 1-0

[Event "17.Seefeld Open 2006"]
[Site "Seefeld/AUT (23.9.-1.10)"]
[Date "2006.10.01"]
[Round "9"]
[White "Platzgummer, Fabian"]
[Black "Mohrlok, Dieter"]
[Result "0-1"]
[WhiteElo "2044"]
[BlackElo "2321"]
[PlyCount "86"]
[EventDate "2006.09.??"]
[EventType "swiss"]
[EventRounds "9"]
[EventCountry "AUT"]

1. d4 Nf6 2. c4 d6 3. Nc3 Bf5 4. g3 e5 5. Nf3 Nbd7 6. Bg2 c6 7. O-O h6 8. b3
Be7 9. Bb2 Qc7 10. d5 Bh7 11. Qd2 Ne4 12. Nxe4 Bxe4 13. Ne1 cxd5 14. Bxe4 dxe4
15. Nc2 O-O 16. Rad1 Rfd8 17. Ne3 Nf6 18. Ba3 Rd7 19. Nf5 Bf8 20. Nxd6 Rad8 21.
c5 b6 22. Qc1 bxc5 23. Nc4 Rxd1 24. Rxd1 Rxd1+ 25. Qxd1 Qd7 26. Qxd7 Nxd7 27.
h4 f6 28. g4 g6 29. Bb2 Kf7 30. g5 h5 31. gxf6 Kxf6 32. Bc1 Ke6 33. Bg5 Be7 34.
Bxe7 Kxe7 35. Na5 Kd6 36. Kf1 Kd5 37. e3 Nf8 38. Nc4 Ne6 39. Nb2 Ng7 40. Kg2
Nf5 41. Kh3 Nd6 42. Nd1 c4 43. b4 c3 0-1

[Event "17.Seefeld Open 2006"]
[Site "Seefeld/AUT (23.9.-1.10)"]
[Date "2006.10.01"]
[Round "9"]
[White "Meschke, Andreas"]
[Black "Keller, Manfred"]
[Result "1/2-1/2"]
[WhiteElo "2183"]
[BlackElo "2180"]
[PlyCount "142"]
[EventDate "2006.09.??"]
[EventType "swiss"]
[EventRounds "9"]
[EventCountry "AUT"]

1. e4 e5 2. Nf3 Nc6 3. Bc4 Nf6 4. d3 d5 5. exd5 Nxd5 6. O-O Bc5 7. Re1 O-O 8.
Nxe5 Bxf2+ 9. Kxf2 Nxe5 10. Rxe5 Qh4+ 11. Kf1 Qf6+ 12. Qf3 Qxe5 13. Bxd5 c6 14.
Bb3 Qxh2 15. Be3 Qh1+ 16. Bg1 h5 17. Nc3 h4 18. Ne4 h3 19. Nf2 hxg2+ 20. Qxg2
Qh4 21. Re1 Bf5 22. Qf3 Qf6 23. Ne4 Bxe4 24. Qxf6 Bxd3+ 25. cxd3 gxf6 26. Re7
b6 27. Bd4 Kg7 28. Re3 Kg6 29. Rg3+ Kf5 30. Rf3+ Kg4 31. Rxf6 Rad8 32. Be3 Rxd3
33. Ke2 Rdd8 34. Bxf7 c5 35. Be6+ Kh4 36. Rh6+ Kg3 37. Rg6+ Kh4 38. Bg4 Rde8
39. Bf3 Rg8 40. Rh6+ Kg3 41. Rh1 Rgf8 42. Rg1+ Kh2 43. Rg7 Rg8 44. Rxa7 Kg3 45.
Rh7 Re5 46. Rh1 Rge8 47. Rg1+ Kh4 48. Kf2 Rxe3 49. Rg4+ Kh5 50. Re4+ Rxf3+ 51.
Kxf3 Rf8+ 52. Ke2 Rf6 53. Kd3 Kg5 54. a4 Rf2 55. b3 Kf6 56. Kc4 Rf3 57. b4 cxb4
58. Kxb4 Rf5 59. Rc4 Ke7 60. Rc6 Kd7 61. Rxb6 Kc7 62. a5 Rh5 63. Ka4 Rg5 64.
Rb4 Rg6 65. Kb5 Kb7 66. Rh4 Rg5+ 67. Kb4 Rg6 68. Rh5 Ka6 69. Rh8 Rg4+ 70. Kc5
Rg5+ 71. Kb4 Rg4+ 1/2-1/2

[Event "17.Seefeld Open 2006"]
[Site "Seefeld/AUT (23.9.-1.10)"]
[Date "2006.10.01"]
[Round "9"]
[White "Rausch, Stephan"]
[Black "Schwammberger, Eugen"]
[Result "1-0"]
[WhiteElo "2343"]
[BlackElo "2085"]
[PlyCount "67"]
[EventDate "2006.09.??"]
[EventType "swiss"]
[EventRounds "9"]
[EventCountry "AUT"]

1. d4 Nf6 2. Nf3 d5 3. c4 c6 4. Nc3 a6 5. cxd5 cxd5 6. Bf4 Nc6 7. e3 e6 8. Rc1
Bd6 9. Bg3 O-O 10. Bd3 Ne7 11. Ne5 Nf5 12. Bf4 g6 13. g4 Ng7 14. Bh6 Bd7 15. h4
Bxe5 16. dxe5 Ne4 17. Bxe4 dxe4 18. Bg5 Qc7 19. Qd4 Bb5 20. Rd1 Rfc8 21. h5 Ne8
22. a4 Bc4 23. hxg6 fxg6 24. Qxe4 b5 25. f3 b4 26. Ne2 Qf7 27. Qf4 Ra7 28.
Qxf7+ Rxf7 29. Rc1 Rfc7 30. Nd4 Bb5 31. Rxc7 Rxc7 32. axb5 Rc1+ 33. Kd2 Rxh1
34. b6 1-0

[Event "17.Seefeld Open 2006"]
[Site "Seefeld/AUT (23.9.-1.10)"]
[Date "2006.10.01"]
[Round "9"]
[White "Schmidt, Juergen"]
[Black "Ballon, Guenther-Jan"]
[Result "1/2-1/2"]
[WhiteElo "2122"]
[BlackElo "2184"]
[PlyCount "55"]
[EventDate "2006.09.??"]
[EventType "swiss"]
[EventRounds "9"]
[EventCountry "AUT"]

1. e4 c5 2. Nf3 e6 3. d4 cxd4 4. Nxd4 Nf6 5. Nc3 Nc6 6. Ndb5 Bb4 7. a3 Bxc3+ 8.
Nxc3 d5 9. exd5 exd5 10. Be2 d4 11. Nb1 h6 12. Nd2 O-O 13. O-O Bf5 14. Nf3 Qd5
15. h3 Rfd8 16. Bd3 Rac8 17. Bf4 a6 18. Re1 Re8 19. Bh2 Rxe1+ 20. Nxe1 Be6 21.
Nf3 Ne4 22. Nd2 Nxd2 23. Qxd2 Ne5 24. Bxe5 Qxe5 25. Re1 Qc5 26. Qf4 Qd5 27. Rd1
Kf8 28. b3 1/2-1/2

[Event "17.Seefeld Open 2006"]
[Site "Seefeld/AUT (23.9.-1.10)"]
[Date "2006.10.01"]
[Round "9"]
[White "Lagrotteria, Salvatore"]
[Black "Hofer, Franz"]
[Result "1-0"]
[WhiteElo "2176"]
[BlackElo "2061"]
[PlyCount "43"]
[EventDate "2006.09.??"]
[EventType "swiss"]
[EventRounds "9"]
[EventCountry "AUT"]

1. d4 e6 2. c4 f5 3. Nc3 Nf6 4. g3 Be7 5. Bg2 O-O 6. Bg5 d6 7. Nf3 h6 8. Bxf6
Bxf6 9. O-O Nc6 10. e4 e5 11. exf5 exd4 12. Nb5 d3 13. Qxd3 Bxb2 14. Nh4 Ne7
15. Rae1 Bf6 16. Rxe7 Bxe7 17. Bd5+ Rf7 18. Bxf7+ Kxf7 19. Qd5+ Kf6 20. Nc3 g5
21. fxg6 Kg7 22. Qf7+ 1-0

[Event "17.Seefeld Open 2006"]
[Site "Seefeld/AUT (23.9.-1.10)"]
[Date "2006.10.01"]
[Round "9"]
[White "Gruber, Michael"]
[Black "Maurer, Rainer"]
[Result "1/2-1/2"]
[WhiteElo "2138"]
[BlackElo "1916"]
[PlyCount "22"]
[EventDate "2006.09.??"]
[EventType "swiss"]
[EventRounds "9"]
[EventCountry "AUT"]

1. e4 d5 2. exd5 Qxd5 3. Nf3 Bg4 4. Be2 Nc6 5. d4 O-O-O 6. Be3 Nf6 7. O-O Qf5
8. h3 Bxf3 9. Bxf3 Nxd4 10. Bxd4 e5 11. c3 exd4 1/2-1/2

[Event "17.Seefeld Open 2006"]
[Site "Seefeld/AUT (23.9.-1.10)"]
[Date "2006.10.01"]
[Round "9"]
[White "Ranker, Klemens"]
[Black "Thoeny, Hermann"]
[Result "0-1"]
[WhiteElo "1936"]
[BlackElo "2175"]
[PlyCount "38"]
[EventDate "2006.09.??"]
[EventType "swiss"]
[EventRounds "9"]
[EventCountry "AUT"]

1. e4 c5 2. Bc4 Nc6 3. Nc3 g6 4. d3 Bg7 5. Bd2 e6 6. Nf3 Nge7 7. O-O O-O 8. Bg5
h6 9. Bh4 g5 10. Bg3 d5 11. Bb3 f5 12. exf5 exf5 13. h3 f4 14. Bh2 Bf5 15. Qd2
Qd7 16. Rae1 Rad8 17. Ne4 Bxh3 18. gxh3 Qxh3 19. Kh1 Qxf3+ 0-1

[Event "17.Seefeld Open 2006"]
[Site "Seefeld/AUT (23.9.-1.10)"]
[Date "2006.10.01"]
[Round "9"]
[White "Kozlov, Alexander"]
[Black "Di Lazzaro, Gabriele"]
[Result "1/2-1/2"]
[WhiteElo "2118"]
[BlackElo "1986"]
[PlyCount "104"]
[EventDate "2006.09.??"]
[EventType "swiss"]
[EventRounds "9"]
[EventCountry "AUT"]

1. d4 d5 2. c4 e6 3. Nf3 Nf6 4. Nc3 c6 5. e3 Nbd7 6. Qc2 Bd6 7. Bd3 dxc4 8.
Bxc4 O-O 9. O-O e5 10. Rd1 Qe7 11. h3 e4 12. Ng5 Nb6 13. Bb3 Bf5 14. f3 Rae8
15. Ngxe4 Nxe4 16. fxe4 Bxe4 17. Qxe4 Qxe4 18. Nxe4 Rxe4 19. Bc2 Re7 20. e4 f6
21. a4 c5 22. dxc5 Bxc5+ 23. Kh1 Nd7 24. Rd5 b6 25. Bd2 a5 26. Rd1 Rfe8 27.
Bxa5 Ne5 28. Bd2 Nc4 29. Rxc5 Nxd2 30. Rc6 Nxe4 31. Bxe4 Rxe4 32. Rxb6 Rxa4 33.
Rb7 Rae4 34. Rdd7 g5 35. Rg7+ Kh8 36. Rxh7+ Kg8 37. Rhg7+ Kh8 38. Rgf7 R4e6 39.
b4 Kg8 40. b5 Rb6 41. Rg7+ Kh8 42. Rgc7 Rxb7 43. Rxb7 Re5 44. b6 Rb5 45. Rb8+
Kg7 46. b7 Rb3 47. Kg1 Rb2 48. Kf1 Rb1+ 49. Ke2 Rb2+ 50. Kd1 Rb1+ 51. Kc2 Rb6
52. Kc3 Rb1 1/2-1/2